| 000 | 00881nam a22003257a 4500 | ||
|---|---|---|---|
| 005 | 20230831125946.0 | ||
| 008 | 190619b2005 xxu||||| |||| 00| 0 spa d | ||
| 020 | _a9789701507766 | ||
| 041 | _aESP | ||
| 082 | _a621.381.5 R896d | ||
| 100 |
_aRubio, Antonio _954706 |
||
| 100 |
_aAlet, Josep _954707 |
||
| 100 |
_aAragonés, Xavier _954708 |
||
| 100 |
_aGonzález, José Luis _954709 |
||
| 100 |
_aMateo, Diego _954710 |
||
| 100 |
_aMoll, Francesc _954711 |
||
| 245 | _aDiseño de circuitos y sistemas integrados | ||
| 260 | _aMéxico | ||
| 260 | _bAlfaomega | ||
| 260 | _c2005 | ||
| 300 | _a446 páginas | ||
| 650 | _aCIRCUITOS | ||
| 650 | _aCIRCUITOS INTEGRADOS | ||
| 650 | _aCMOS | ||
| 650 | _aINTERCONEXIONES | ||
| 650 | _aFUNCIONES DIGITALES | ||
| 650 | _aFUNCIONES ANALÓGICAS | ||
| 942 |
_cBK _2ddc |
||
| 999 |
_c12106 _d12106 |
||